Nájom nebytových priestorov

Úplné znenie zákona č.116/1990 Zb. o nájme a podnájme nebytových priestorov, ako vyplýva zo zmien a doplnení neskorších zákonov, s výkladom.

Saved in:
Bibliographic Details
Format: Book Chapter
Language:Slovak
Subjects:
Tags: Add Tag
No Tags, Be the first to tag this record!

MARC

LEADER 00000naa a2200000 4500
001 r016558
005 20221213095522.0
041 0 |a slo 
044 |a SK 
245 1 0 |a Nájom nebytových priestorov 
520 |a Úplné znenie zákona č.116/1990 Zb. o nájme a podnájme nebytových priestorov, ako vyplýva zo zmien a doplnení neskorších zákonov, s výkladom. 
610 2 0 |a priestory nebytové 
610 2 0 |a zákony 
610 2 0 |a komentáre 
610 2 0 |a Slovensko 
610 2 0 |a 1990 
610 2 0 |a prenájom 
610 2 0 |a zmluvy